01296 a2200229 45000010006000000050017000060080041000230030015000640400040000790800033001192450050001520200022002022500012002242640034002363000027002705050575002970410008008721000022008807000033009027000032009358560099009674988920260407155759.0260407a2001 arg spa dAR-UNSa-BCEJYS aAR-UNSa-BCEJYSbspacAR-UNSa-BCEJYS a330.101.542xMicroeconomía10aMicroeconomía intermedia y sus aplicaciones a978-958-41-0198-3 a8a. ed. 1aBogotá :bMcGraw-Hillc2001 axxviii, 615 p.c27 cm. a1. Modelos económicos – 2. Utilidad y elección – 3. Demandas de los individuos – 4. Demanda de mercado y elasticidad – 5. Producción – 6. Costos – 7. Maximización de beneficios y oferta – 8. Competencia perfecta – 9. Aplicación del modelo competitivo – 10. Monopolio – 11. Competencia imperfecta – 12. Estrategia y teoría de los juegos – 13. Equilibrio general – 14. Fijación de precios en los mercados de insumo – 15. Tiempo y tasas de interés – 16. Incertidumbre e información – 17. Externalidades y bienes públicos. aspa1 aNicholson, Walter1 aCiociano González, Mildred1 aSupelano Sarmiento, Alberto41uhttps://www.biblioeco.unsa.edu.ar/pmb/images/libros/L128212.jpgyImagen de portadaqimage/jpeg